[Event "SWE-DEN"]
[Site "Skaenninge"]
[Date "1998.04.21"]
[Round "2"]
[White "Schandorff, Lars"]
[Black "Akesson, Ralf"]
[Result "1/2-1/2"]
[WhiteElo "2525"]
[BlackElo "2505"]
[Annotator "Ftacnik,L"]
[PlyCount "52"]
[EventDate "1998.04.20"]
[EventType "team"]
[EventRounds "2"]
[EventCountry "SWE"]
[SourceTitle "CBM 065"]
[Source "ChessBase"]
[SourceDate "1998.08.06"]
[SourceVersion "1"]
[SourceVersionDate "1998.08.06"]
[SourceQuality "1"]

{[%mdl 324]} 1. d4 Nf6 2. c4 g6 3. Nc3 d5 4. cxd5 Nxd5 5. e4 Nxc3 6. bxc3 Bg7
7. Nf3 c5 8. Rb1 O-O 9. Be2 cxd4 10. cxd4 Qa5+ 11. Bd2 Qxa2 12. O-O Bg4 13. Be3
{White players have lately been agonizing, if they should insert 13.Bg5 h6 14.
Be3 or not.} (13. Bg5 h6 14. Be3 Nc6 15. Rxb7 Rab8 (15... Bxf3 16. Bxf3 Nxd4 $2
17. Bxd4 Rad8 18. Qa1 $18) (15... Rfd8 16. d5 e6 17. h3 Bxf3 18. Bxf3 Ne5 19.
Qe2 Qxe2 20. Bxe2 exd5 21. exd5 Rxd5 22. Bxa7 Rd7 23. Rxd7 Nxd7 {1/2-1/2 Wells,
P-Grosse Kloenne,E/BL2-N 1991/BL2 (34)}) 16. Rxb8 Rxb8 17. h3 (17. d5 Ne5 18.
h3 Rb2 19. hxg4 Rxe2 20. Nd4 Rb2 21. Nc6 Nxc6 22. dxc6 Qc4 23. Qd8+ Kh7 24. Rc1
{1-0 Sokolin,L-Orlov,V/St.Petersburg-ch op/1992/}) 17... Bd7 $1 (17... Bxf3 18.
Bxf3 Rd8 (18... e5 19. d5 Nd4 20. Qa1 $1) (18... e6 19. e5 $5 $14) (18... a5
19. e5 Nb4 20. Qa1 e6 21. Qc1 Nc2 22. Qd2 Rb2 23. Bxh6 Nxd4 24. Qxd4 Bxh6 {
1/2-1/2 Schaeffner,C-Klee,M/BL2-O9697 1997/BL2-O (41)}) 19. d5 Ne5 (19... e6
20. Qc1 Ne5 21. Qc7 Rd7 22. Qc8+ Kh7 23. Bg4 h5 24. Bf4 hxg4 25. Bxe5 Qa4 {
1/2-1/2 San Segundo,P-De la Villa Garcia,J/Pamplona/1996/ (33)}) 20. Qc1 $1 Kh7
21. Qc7 Rd7 22. Qc8 Qc4 (22... h5 23. Rc1) 23. Qe8 $1 {Gelfand,B-Kamsky,G/Dos
Hermanas/1995/1/2-1/2 (80)}) 18. d5 (18. Bd3 Nb4 19. Qb1 a5 20. Qxa2 Nxa2 21.
Bd2 Nb4 22. Rb1 e6 23. Ne5 Be8 24. Bf1 Bf8 {1/2-1/2 San Segundo,
P-Azmaiparashvili,Z/Madrid 1996/CBM 53 (27)}) 18... Ne5 (18... Nb4 $5 19. Bd4
Ba4 20. Qa1 $5) 19. Nxe5 $5 (19. Bf4 Qb2 $1 (19... Nxf3+ 20. Bxf3 Rb2 21. e5
Bb5 22. Re1 Rxf2 23. d6 exd6 24. exd6 Bd7 25. Re7 $16) 20. Qc1 g5 $1 $8 (20...
Nxf3+ 21. Bxf3 Rc8 22. Qxb2 Bxb2 23. Rb1 $16) 21. Bxe5 (21. Bg3 Rc8 22. Qxb2
Nxf3+ 23. Bxf3 Bxb2) (21. Nxe5 Bxe5 22. Qxb2 Rxb2 23. Bxe5 Rxe2 24. f3 f5 $10)
21... Bxe5 22. Nxe5 Qxe5 23. Qa1 Rb2 {1/2-1/2 Gelfand,B-Polgar,J/Novgorod/1996/
(28)}) 19... Bxe5 20. f4 (20. Bxh6 a5 $13 (20... Ba4 21. Qe1 Rb2 22. Bd3 $13))
20... Rb2 $1 21. fxe5 $8 (21. Bf3 Bb5 22. Re1 Bc3 23. Bc1 Ba4 24. Bxb2 Bxd1 25.
Bxc3 Bxf3 26. gxf3 $17) 21... Rxe2 22. Rf2 Rxf2 23. Bxf2 Qc4 $1 (23... a5 24.
Bc5 $14) 24. Bxa7 Qxe4 {1/2-1/2 Bandza,A-Berggreen,A/corr/1996/ (26)}) 13...
Nc6 14. Rxb7 Rab8 (14... Rfd8 15. d5 e6 16. Rxf7 exd5 17. exd5 Rxd5 18. Rxg7+
Kxg7 19. Qe1 Ne5 20. Bd4 Rxd4 21. Nxd4 Bxe2 22. Nxe2 Re8 23. Nc3 Qf7 24. Qa1 {
Bewersdorff,O-Roesch,A/BL2-O 1994/BL2/1/2-1/2 (52)}) 15. Rc7 (15. Rxb8 Rxb8 16.
h3 Bd7 $1 {With analogy to the position with h pawn on h6.}) 15... Rfc8 16.
Rxc8+ Rxc8 17. Re1 (17. h3 Bd7 18. d5 Nb4 $13 (18... Ne5 19. Nxe5 Bxe5 20. f4
Bg7 (20... Rc2 $2 21. Rf2 Bc7 22. Bc4 $1))) 17... Nb4 $1 {Black is benefiting
from the active location of his rook on the c line.} 18. h3 Bxf3 19. Bxf3 Nc2
20. Qd2 (20. Re2 Nxe3 21. fxe3 (21. Rxa2 $2 Nxd1 22. Bxd1 Bxd4 $17) 21... Qa3
$15) 20... Qa6 (20... Rc4 $6 21. Bd1 Qb2 22. Bxc2 Rxc2 23. Qa5 $14) 21. Rd1 (
21. Rc1 $6 Nxe3 22. Rxc8+ Qxc8 23. fxe3 Qc7 $15) 21... Nxe3 22. Qxe3 {
Reduction of the material and opposite colour bishops are making equalizing
easy.} (22. fxe3 Bh6 $15) 22... Qb6 23. e5 a5 24. Ra1 Rc4 (24... Rd8 25. Qc3
Qb4 26. Qc5 $1 $11) 25. Qe4 Qa7 (25... Rxd4 26. Qa8+ Rd8 27. Qxa5 $11) 26. Qd5
Rxd4 (26... Rxd4 27. Qxa5 Qxa5 28. Rxa5 e6 $11) 1/2-1/2

[Event "Dresden zt 1.2"]
[Site "Dresden"]
[Date "1998.04.29"]
[Round "2"]
[White "Pelletier, Yannick"]
[Black "Jelen, Igor"]
[Result "1-0"]
[WhiteElo "2515"]
[BlackElo "2430"]
[Annotator "Ftacnik,L"]
[PlyCount "49"]
[EventDate "1998.04.28"]
[EventType "swiss"]
[EventRounds "11"]
[EventCountry "GER"]
[SourceTitle "CBM 065"]
[Source "ChessBase"]
[SourceDate "1998.08.06"]
[SourceVersion "1"]
[SourceVersionDate "1998.08.06"]
[SourceQuality "1"]

{[%mdl 72]} 1. d4 Nf6 2. c4 g6 3. Nc3 d5 4. cxd5 Nxd5 5. e4 Nxc3 6. bxc3 Bg7 7.
Nf3 c5 8. Rb1 O-O 9. Be2 cxd4 10. cxd4 Qa5+ 11. Bd2 Qxa2 12. O-O Bg4 13. Bg5 h6
14. Be3 Nc6 15. d5 Ne5 (15... Na5 16. Bc5) 16. Rxb7 e6 17. d6 Rfd8 18. Re1 Bxf3
19. gxf3 Qa5 (19... Qa3 20. f4 $1 (20. d7 Qe7 21. Bb5 Qh4 22. Bxa7 (22. Bf1 {
1/2-1/2/Gelfand,B-Ivanchuk,V/Manila izt (07)/1990/}) 22... g5 23. Re3 Ng6 24.
Bd4 Ra2 25. Re2 Qh3 26. Qf1 Qxf1+ 27. Kxf1 Rxe2 28. Bxg7 Rxf2+ 29. Kxf2 Kxg7 {
1/2-1/2 Broeker,C-Voss,M/FRG-chT qual corr/1991/ (39)}) 20... Rxd6 21. Qc1 $3 (
21. Qc2 Rc6 (21... Nc6 22. Bc5 Qa5 23. Bxd6 Qxe1+ 24. Kg2 Rd8 25. e5 $13) 22.
Qd2 (22. Qb1 $5 Nc4 23. Rxf7 Qa5 24. Rd1 Kxf7 25. Qb7+ Rc7 26. Qxa8 Nxe3 27.
fxe3 Qc5 $15) 22... Rd6 (22... Nc4 $2 23. Qd7 $18) (22... Qa6 23. Reb1 Nc4 24.
Qd7 $14) 23. Rb3 Qxb3 (23... Rxd2 24. Rxa3 Rxe2 25. Rxe2 Nf3+ 26. Kg2 Nd4 27.
Rd2 $16) 24. Qxd6 Nc4 (24... Qc2 25. fxe5 Qxe4 26. Qd4 $16) 25. Qc6 Nxe3 26.
Qxa8+ Kh7 27. Qxa7 (27. fxe3 Qxe3+ 28. Kh1 Bc3 $15) 27... Qc3 28. Rb1 (28. Qxe3
Qxe1+ $10) 28... Qc2 29. Qxe3 {1/2-1/2 Solozhenkin,E-Daniliuk,S/RUS-ch/1995/})
21... Qxc1 22. Rxc1 Nc6 $8 (22... Rd7 23. Rb3 $18) (22... Nd7 $4 23. e5 Rd5 24.
Bf3 $18) (22... Nd3 23. Rcc7 a5 24. Rxf7 Bh8 25. Rfe7 $18) 23. e5 Nd4 24. Rcc7
$3 (24. Bf1 Rc6 $1 25. Rd1 Nf5 26. Rdd7 Rf8 $10) (24. Bg4 $5 Rc6 25. Rd1 h5 $1
26. Bxh5 gxh5 27. Rxd4 a5 28. Rdd7 a4 29. Rxf7 Bf8 30. Rf6 a3 31. Rg6+ Kh8 32.
Rg5 a2 33. Rxh5+ Kg8 34. Rg5+ $10) 24... Nxe2+ 25. Kf1 Rdd8 26. Rxf7 {1-0
Gelfand,B-Kamsky,G/Dos Hermanas/1996/ (46)}) 20. Rf1 (20. Bd2 Qa2 (20... Qa3
21. Bb4 Qa2) 21. Be3 (21. Bb4 Rab8 22. Rxb8 Rxb8 23. f4 Nc6 $15) 21... Qa5 22.
Bd2 Qa2 23. Be3 {1/2-1/2 Lautier,J-Illescas Cordoba,M/Hoogovens/1997/}) (20. d7
$2 Rxd7 21. Rxd7 Nxd7 $17) (20. Rb5 $2 Nxf3+ $1 $19) 20... Qa3 $6 {This
unfortunate move enables ingenious Gelfand's idea, the location of white rook
on f1 instead of e1 doesn't play an important role.} (20... Bf8 $1 21. d7 Qa2
22. Re1 Qa5 23. Rf1 Qa2 24. Bb5 a6 25. Bd4 Bg7 26. Bxe5 {1/2-1/2 Kramnik,
V-Kasparov,G/Linares/1998/}) 21. f4 $1 Rxd6 22. Qc1 Qa2 {Black was hoping to
benefit from the unprotected bishop on e2, but white has a strong reply.} (
22... Qxc1 23. Rxc1 Nc6 24. e5 $14) 23. Bb5 $1 (23. fxe5 $2 Qxe2 24. exd6 Qg4+
25. Kh1 Qxe4+ 26. f3 Qxb7 $19) 23... Nc6 (23... Ng4 24. Qc7 Rf8 25. Qxd6 $18) (
23... Rb6 24. Bxb6 Nf3+ 25. Kg2 axb6 26. Qc7 $16) 24. Bxc6 Rc8 25. Bd5 $1 (25.
Bd5 $1 Rxc1 26. Bxa2 $18) 1-0

[Event "Excelsior Cup"]
[Site "Gothenburg"]
[Date "1997.??.??"]
[Round "1"]
[White "Hillarp Persson, Tiger"]
[Black "Moberg, Karl Johan"]
[Result "1-0"]
[WhiteElo "2475"]
[BlackElo "2335"]
[Annotator "Ftacnik,L"]
[PlyCount "83"]
[EventDate "1997.01.??"]
[EventType "tourn"]
[EventRounds "9"]
[EventCountry "SWE"]
[EventCategory "9"]
[SourceTitle "CBM 057"]
[Source "ChessBase"]
[SourceDate "1997.04.01"]
[SourceVersion "1"]
[SourceVersionDate "1997.04.01"]
[SourceQuality "1"]

1. d4 {Avrukh,B Hecht} Nf6 2. c4 g6 3. Nc3 d5 4. cxd5 Nxd5 5. e4 Nxc3 6. bxc3
Bg7 7. Be3 c5 8. Qd2 Qa5 9. Rc1 cxd4 10. cxd4 Qxd2+ 11. Kxd2 O-O 12. Nf3 Rd8
13. Bb5 (13. h3 {Avrukh,B}) (13. Bd3 {Avrukh,B}) (13. Rc7 {Avrukh,B} Nc6 14. d5
e6 15. Bg5 $5 f6 16. Kc1 exd5 17. exd5 Nb4 18. Bc4 b5 19. Bb3 fxg5 20. d6+ Kh8
21. Nxg5 Nd3+ 22. Kb1 Ne5 23. f4 Nc4 24. Nf7+ Kg8 {Kotlyar-Ftachnik 1991} 25.
Nxd8 $1 Bf5+ 26. Bc2 Bxc2+ 27. Kxc2 Rxd8 28. d7 Kf7 29. Rxa7 $14) 13... Nc6 (
13... Bg4 14. Rc7 Nc6 15. Rxb7 (15. Bxc6 bxc6 16. Rxe7 Bxf3 17. gxf3 Bxd4 18.
Bxd4 Rxd4+ 19. Ke3 Rad8 20. Rb1 Rd3+ 21. Kf4 R8d7 22. Rxd7 Rxd7 23. Ke3 {
1-0 Jelen,Iz-Goormachtigh,J/Sas van Gent/1992 (41)}) (15. d5 e6 16. Ng5 exd5
17. Nxf7 Rdc8 18. Rxc8+ Rxc8 19. Nd6 Rc7 20. Rc1 dxe4 21. Nxb7 Rd7+ 22. Ke1
Rxb7 23. Bxc6 Re7 24. Bd5+ {1-0 Ftacnik,L-Smejkal,J/Trencianske Teplice (05)
1979 (34)}) 15... Nxd4 16. Nxd4 Bxd4 17. Bxd4 Rxd4+ 18. Ke3 Rb4 19. Bc6 Rxb7
20. Bxb7 Rb8 21. Bd5 Be6 22. Bxe6 fxe6 23. Rc1 Rb7 24. Rc6 Kf7 {Schirm,
F-Roeber, B/GER-ch Binz (08)/1995/1-0 (67)}) (13... a6 14. Ba4 Bg4 15. Rc7 Bxf3
16. gxf3 Bxd4 17. Rxb7 Ra7 18. Rxa7 Bxa7+ 19. Ke2 Bxe3 20. Kxe3 Rd6 21. Rb1 Nd7
22. Rd1 Rxd1 23. Bxd1 e5 24. f4 exf4+ 25. Kxf4 {1/2-1/2 Kragelj,I-Jelen,Ig/
Ljubljana op/1994 (42)}) (13... Bd7 $1 14. Bxd7 (14. Bd3 $2 Nc6 15. d5 Nb4 $1
16. Bc4 e6 $1 17. Ke2 exd5 18. exd5 Rac8 $1 $17 {Kapetanovic,A}) 14... Nxd7 15.
Rc7 Ne5 $1 16. Nxe5 Bxe5 17. Rxe7 Bxd4 18. Rxb7 Rac8 $1 19. Bxd4 $1 Rxd4+ 20.
Ke3 Ra4 $10 {Petronic,J-Kapetanovic,A/JUG/1992/}) (13... Bd7 {Avrukh,B}) 14.
Bxc6 bxc6 15. Rc5 (15. Rhd1 Be6 16. Rxc6 Bxa2 17. Ra1 Be6 18. Ra5 Rdc8 19.
Rxc8+ Bxc8 20. d5 Bb7 21. Bd4 f5 22. Bxg7 Kxg7 23. Nd4 fxe4 24. Ke3 Kf6 25.
Kxe4 Rd8 26. Ne6 Rxd5 27. Rxa7 Rb5+ {0-1 Duchov,A-Labunsky,D/RUS-chT Podolsk
1993 (41)}) 15... f5 (15... Rb8 {Avrukh,B} 16. Rhc1 Rb2+ 17. R1c2 Rxc2+ 18.
Kxc2 Bb7 19. Kc3 $14 {Safjanovskij-Szitkey 1991}) 16. h4 {Avrukh: An
interestihg idea , white want to use rook ( on h1) on the king side,on file h.}
(16. e5 Be6 17. Rxc6 Bxa2 18. Rc7 Bd5 19. Rxe7 Kf8 20. Rc7 Bxf3 21. gxf3 Bxe5
22. Rxh7 f4 23. Ke2 Bg7 24. Bxf4 Rxd4 25. Be3 Ra4 {1/2-1/2 Piza,V-Banas,J/
CSR-ch Bratislava (02)/1991/ (29)}) (16. Rb1 {Avrukh,B} fxe4 17. Ne5 Bxe5 18.
Rxe5 Kf7 {draw Manninen-Rytshagov 1991}) (16. Ne5 {Avrukh,B} f4 17. Bxf4 Rxd4+
18. Ke3 Ra4 19. Rd1 Ba6 20. f3 Rxa2 21. Rd2 $10 {Olaffson-Shustef 1992}) 16...
fxe4 (16... Be6 $1 17. Ne5 (17. exf5 gxf5 18. Ne5 Bd5 19. Nxc6 Bxc6 20. Rxc6 e5
$1) 17... f4 18. Bxf4 Rxd4+ 19. Ke3 Ra4 20. Nxc6 Ra3+ 21. Ke2 Rxa2+ 22. Ke3 $13
) (16... Rb8 17. Kc3 $1 (17. e5 Rb2+ 18. Rc2 Rxc2+ 19. Kxc2 Be6 $15) 17... fxe4
18. Ne5 Bxe5 (18... Rd5 {Avrukh,B} 19. Rxc6 Bd7 (19... Ra5 20. Rb1 Ra3+ 21. Rb3
Raxb3+ 22. axb3 $16) 20. Nxd7 (20. Rc7 $2 Rxe5 $1 21. Rxd7 Rc5+ $1 22. Kd2 Rb2+
$17) (20. Ra6 $2 Rc8+ 21. Kb2 Rb5+ 22. Ka1 Rxe5 $1 23. dxe5 Bxe5+ 24. Kb1 Bb5
$19) 20... Rxd7 21. h5 e5 22. d5 Rxd5 (22... gxh5 23. Kc4 $14) 23. hxg6 hxg6 {
Avrukh: And black's activity enough for the draw.}) 19. Rxe5 $10 (19. Rxe5 Kf7
20. h5 Bf5 21. g4 $1 (21. Rh4 Rb5 22. g4 Rxe5 23. dxe5 Rd3+ 24. Kb4 Be6 $15)
21... Bxg4 (21... Be6 22. hxg6+ hxg6 23. Rh7+ Kg8 24. Rxe7 Bxg4 25. Rxe4 $14)
22. hxg6+ hxg6 23. Rh7+ Kg8 24. Rexe7 $18)) 17. Ne5 (17. Ng5 $2 {Avrukh,B} Bf5
$17) 17... Rd5 $2 {Very unfortunate defensive move, white will enjoy the
benefit of the strong c5 pawn. Ein sehr unglücklicher Verteidigungszug, Weiß
wird den Vorteil des starken c-Bauern nutzen.} (17... Bxe5 18. Rxe5 Kf7 19. Rc1
(19. h5 {Avrukh,B} Bf5 20. g4 $1 $16) 19... Rd6 20. Rxe4 Bf5 $10) (17... Bb7 {
Avrukh,B} 18. Rb1 Rab8 19. a4 Bf6 20. g3 Ba8 21. Rxb8 Rxb8 22. Ra5 $14) 18.
Nxc6 Rxc5 (18... Rd7 19. h5 $16) 19. dxc5 Be6 (19... Bd7 20. Nxe7+ (20. Na5 $1
{Avrukh,B} Rd8 21. Rb1 Bb5+ 22. Kc1 a6 $10) 20... Kf7 21. Nd5 Rb8 (21... Be6)
22. Rc1 Be6 23. Nc3 Rb2+ 24. Ke1 Bxc3+ 25. Rxc3 Rxa2 26. c6 $16) 20. Rb1 Kf8 (
20... Bxa2 21. Rb7 a5 22. Nxe7+ Kf8 23. c6 Rd8+ 24. Kc1 $16) 21. Rb7 Bd5 22.
Rc7 Bxa2 (22... Bxc6 {Avrukh,B} 23. Rxc6 Rb8 24. Ra6 $18) 23. Rxa7 (23. Nxe7 $5
a5 24. Nc8 a4 25. c6 $16 a3 26. Bc5+ Kg8 27. Ne7+ Kh8 28. Rb7 Be6 29. c7 $18)
23... Rxa7 (23... Rc8 {Avrukh,B} 24. Nxe7 Rd8+ 25. Kc2 $18) 24. Nxa7 {[#]
Hecht schlechte schwarze Bauernstruktur; der Doppel-e-Bauer schränkt die
Beweglichkeit der Läufer stark ein. Gutes Zusammenspiel von Läufer und
Springer. Weißer Plan: K-Aktivierung; Freibauern forcieren} Be5 (24... Bd5 25.
c6 Be5 26. Bb6 e3+ 27. Kxe3 Bxg2 28. c7 $16) 25. Nc6 (25. c6 Bc7 26. Nb5 (26.
Kc3 $1 {Avrukh,B} Bd5 27. Kd4 e6 28. Kc5 $16) 26... Ba5+ 27. Kc2 Be6 $14 (27...
Ke8 $10)) 25... Bc7 (25... Bf6 {Avrukh,B} 26. Na7 $1 (26. Nb4 Bc4 (26... Be6
27. g3 Ke8 28. c6 $16) 27. c6 Ke8 28. g3 Kd8 29. Bb6+ Kc8 30. Ke3 Bc3 31. Nc2
Bd5 $10) 26... Be5 27. c6 Bc7 28. Kc3 $16) 26. Kc3 (26. Bg5 {Avrukh,B} Ke8 27.
Ke3 (27. Nxe7 $2 h6 $17) 27... e6 28. Bf4 $1 Kd7 29. Nb4 $16) 26... Ke8 (26...
e5 27. Kb4 $16) (26... Bd5 {Avrukh,B} 27. Nb4 Ba8 28. Kc4 $16) 27. Kb4 (27. Kd4
{Avrukh,B} Kd7 28. Nb4 Bb1 29. Kd5 $1 e6+ 30. Kd4 $18) 27... Kd7 28. Na7 (28.
Kb5 Bc4+ (28... Bb1 29. Nb4 Bd3+ 30. Nxd3 exd3 31. Kc4 Kc6 32. Kxd3 Kd5 $16) (
28... Bb3 {Avrukh,B} 29. Nb4 Bd1 30. c6+ $16) 29. Kxc4 Kxc6 $14) 28... Bd5 (
28... Bb1 $142 {Avrukh,B} 29. Nb5 (29. c6+ $140 $2 Kd6) 29... Bb8 30. Nc3 Bd3
31. Nd5 $14) 29. Kb5 e6 30. c6+ Kd8 (30... Kd6 31. Nc8+ Ke5 32. Kc5 $18) 31. g3
(31. Bb6 {Avrukh,B} e3 32. fxe3 Bxg2 33. Ka6 $18) 31... e5 (31... Ke7 32. Kc5
Ba5 33. Bg5+ Ke8 34. Nb5 $18) (31... h5 {Avrukh,B} 32. Bg5+ Ke8 33. Kc5 $18)
32. Kc5 Be6 33. Bg5+ Ke8 34. Nb5 Ba5 $8 (34... Bb8 35. c7 $18) 35. Nd6+ Kf8 36.
Nxe4 Bc7 (36... Be1 37. Kd6 Bf5 38. c7 $18) 37. Nc3 Kf7 38. Nb5 Ba5 39. c7 Be1
(39... Bd7 40. Nd6+ $18) 40. Nd6+ Kg7 41. Be3 Kf6 42. c8=Q 1-0

[Event "Belgrade Investbank"]
[Site "Belgrade"]
[Date "1989.11.??"]
[Round "6"]
[White "Jussupow, Artur"]
[Black "Timman, Jan H"]
[Result "0-1"]
[WhiteElo "2610"]
[BlackElo "2635"]
[Annotator "Ftacnik,L"]
[PlyCount "142"]
[EventDate "1989.11.??"]
[EventType "tourn"]
[EventRounds "11"]
[EventCountry "YUG"]
[EventCategory "15"]
[SourceTitle "CBM 016"]
[Source "ChessBase"]
[SourceDate "1990.06.01"]
[SourceVersion "1"]
[SourceVersionDate "1990.06.01"]
[SourceQuality "1"]

1. d4 Nf6 2. c4 g6 3. Nc3 d5 4. cxd5 Nxd5 5. e4 Nxc3 6. bxc3 Bg7 7. Be3 c5 8.
Qd2 O-O 9. Rc1 Nd7 10. Bd3 {N} (10. d5 Nf6 11. f3 e6 12. c4 Re8 13. Ne2 b6 {
Spasov,L-Tseshkovsky,V/Moscow B/1985/0-1/56/}) 10... e5 $1 11. Nf3 (11. d5 f5)
11... exd4 12. cxd4 cxd4 13. Nxd4 $6 (13. Bxd4 Bxd4 14. Nxd4 Nf6 15. Bb1 $13)
13... Ne5 (13... Nf6 14. O-O Ng4 15. Nb5 Nxe3 $15) 14. Be2 Qh4 15. O-O Qxe4 16.
Nb5 Be6 17. Rfd1 Bf6 18. Nd6 Qh4 (18... Qa4 19. Nxb7 Qxa2 20. Rc2 $15) 19. Bf4
(19. Nxb7 Rab8 20. Nc5 Rb2 21. Qxb2 Nf3+ 22. Bxf3 Bxb2 23. Rb1 Be5 24. g3 Qf6
25. Nxe6 $15) 19... Rfd8 20. Qe3 Ng4 21. Qf3 Be5 22. Bxe5 Nxe5 23. Qxb7 Ng4 24.
Bxg4 Qxg4 25. h3 Qa4 26. Rd2 Rab8 27. Qc7 Qb4 28. Rcd1 Rd7 29. Qc6 (29. Qc2
Rbd8 30. Ne4 Rxd2 31. Nxd2 Rc8 $17) 29... Rbd8 30. Rd4 Qa5 31. a4 Qb6 32. Qxb6
axb6 $15 33. R1d2 Kf8 34. f3 Ke7 35. Nb5 Rxd4 36. Nxd4 Bd7 37. Re2+ Kf8 38. Re4
Re8 39. Rh4 h5 40. Nb3 Re3 41. Rb4 Re1+ 42. Kf2 Rb1 43. Rd4 Bxa4 44. Nd2 Rb2
45. Ke3 Bc6 46. g4 h4 47. Rc4 Bd5 48. Rd4 Rb5 49. g5 Bc6 50. Rc4 Rc5 51. Rb4 b5
52. Kf4 Bd7 53. Ne4 Rf5+ 54. Ke3 Ke7 55. f4 Bc6 56. Nf2 Rc5 57. Nd3 Rd5 58.
Re4+ Kd6 59. Ne5 Kc5 60. Nxf7 b4 61. Ne5 Bb5 62. Kf3 b3 63. Re1 Bd3 64. Nxd3+
Rxd3+ 65. Kg4 Rd4 66. Rb1 Kb4 67. Rf1 b2 68. Kxh4 Rc4 69. Rb1 Kb3 70. Kg3 Rc3+
71. Kg2 Kc2 {Ftacnik} 0-1

[Event "Vidmar Memorial 12th "]
[Site "Portoroz"]
[Date "1997.??.??"]
[Round "10"]
[White "Chernin, Alexander"]
[Black "Azmaiparashvili, Zurab"]
[Result "1/2-1/2"]
[WhiteElo "2640"]
[BlackElo "2645"]
[Annotator "Ftacnik,L"]
[PlyCount "61"]
[EventDate "1997.07.05"]
[EventType "tourn"]
[EventRounds "9"]
[EventCountry "SLO"]
[EventCategory "15"]
[SourceTitle "CBM 061"]
[Source "ChessBase"]
[SourceDate "1997.11.23"]
[SourceVersion "1"]
[SourceVersionDate "1997.11.23"]
[SourceQuality "1"]

1. d4 Nf6 2. c4 g6 3. Nc3 d5 4. cxd5 Nxd5 5. e4 Nxc3 6. bxc3 Bg7 7. Nf3 c5 8.
Rb1 O-O 9. Be2 cxd4 10. cxd4 Qa5+ 11. Bd2 Qxa2 12. O-O Bg4 13. Be3 Nc6 14. d5
Bxf3 15. Bxf3 Ne5 16. Rxb7 (16. Be2 Nc4 17. Bg5 Rfe8 18. Rxb7 Nd6 19. Rb4 a5
20. Ra4 Qb2 21. Bc1 Qb6 22. Be3 Qb2 23. Bc1 Qb6 24. Qd3 Reb8 {1/2-1/2 Sakaev,
K-Notkin,M/RUS-ch 1996/56 (31)}) (16. Bc5 Bf6 17. Rxb7 Rfb8 18. Bxe7 (18. Rxb8+
Rxb8 19. d6 Qa5 20. Qd5 Nd7 $5 (20... Nxf3+ 21. gxf3 exd6 22. Qxd6 Rc8 23. Bxa7
$14) 21. Be3 Qxd5 22. exd5 exd6 23. Bxa7 $10) 18... Rxb7 19. Bxf6 Re8 20. h4
Qa3 21. Bxe5 Rxe5 22. Qd4 Qb2 23. Qc4 Re8 24. Qc6 Qb5 25. Qc3 Qb4 26. Qc6 Rbb8
27. Rd1 Rbc8 28. Qa6 Qb6 29. Qa2 (29. Qxb6 $5 axb6 30. Rb1 Rb8 31. Rb4 $1 $132
{/\Bf3-e2-b5-(c6)/}) 29... a5 {0-1 Krasenkow,M-Azmaiparashvili,Z/Erevan olm
1996/55 (73)}) 16... e6 (16... Qa3 $5 $132) 17. dxe6 Qxe6 18. Rxa7 (18. Bxa7 $2
Qa6 $1 $19) 18... Rxa7 19. Bxa7 Nxf3+ 20. Qxf3 (20. gxf3 Qf6 $11) 20... Re8 21.
Re1 f5 {1/2-1/2 Chernin-Azmaiparashvili/Reggio Emilia/1996/} 22. Qe3 fxe4 23.
f3 Qc4 $1 {Even though it is really difficult to achieve any progress with a
spare e4 pawn black is advised to play reasonably. Obwohl es ist extrem
schwierig ein Progress mit e4 Mehrbauer zu machen Schwarz soll lieber
vernunftig spielen.} (23... Qd7 24. fxe4 $14) 24. fxe4 Re7 25. Kh1 (25. h3 $2
Rxa7 $1 26. Qxa7 Bd4+ $19) (25. Bc5 $5 Rc7 26. Bb6 Re7 $14) 25... Rf7 26. h3 (
26. Qg1 Re7) 26... Rf1+ 27. Rxf1 Qxf1+ 28. Qg1 (28. Kh2 Be5+ 29. g3 h5 $11)
28... Qd3 29. Qe1 Bc3 30. Qe3 Qb1+ (30... Qxe3 31. Bxe3 Kf7 $14) 31. Qg1
1/2-1/2

[Event "London"]
[Site "London"]
[Date "1997.10.21"]
[Round "5"]
[White "Wells, Peter K"]
[Black "Rowson, Jonathan"]
[Result "1/2-1/2"]
[WhiteElo "2530"]
[BlackElo "2490"]
[Annotator "Ftacnik,L"]
[PlyCount "62"]
[EventDate "1997.10.18"]
[EventType "tourn"]
[EventRounds "9"]
[EventCountry "ENG"]
[EventCategory "10"]
[SourceTitle "CBM 062"]
[Source "ChessBase"]
[SourceDate "1998.01.31"]
[SourceVersion "1"]
[SourceVersionDate "1998.01.31"]
[SourceQuality "1"]

1. d4 Nf6 2. c4 g6 3. Nc3 d5 4. cxd5 Nxd5 5. e4 Nxc3 6. bxc3 Bg7 7. Nf3 c5 8.
Rb1 O-O 9. Be2 Nc6 10. d5 Ne5 11. Nxe5 Bxe5 12. Qd2 Bg7 13. f4 e5 14. O-O exf4
15. Qxf4 Qe7 16. Bc4 $5 (16. Bb2 Be5 17. Qh6 Bd7 18. Kh1 b5 19. Rfe1 c4 20. a4
a6 21. Qc1 Qh4 {0-1 Grote,D-Schwamberger,M/St.Ingbert op/1995/}) 16... Be5 (
16... Bxc3 17. d6 Bd4+ 18. Kh1 Qe8 19. Bd5 Rb8 20. Qf3 $44) 17. Qg5 Qd6 (17...
Qxg5 18. Bxg5 f6 (18... Bxc3 19. Be7 $14) 19. Be3 b6 $13) 18. Bf4 $1 f6 (18...
Bxf4 19. Qxf4 Qxf4 20. Rxf4 b6 21. Rbf1 $16) (18... Re8 19. Bxe5 Rxe5 20. Qf4
f6 $1 $14) 19. Bxe5 fxe5 (19... Qxe5 20. Qxe5 fxe5 21. d6+ Kg7 22. Rxf8 Kxf8
23. Rf1+ $18) 20. h4 $1 h5 (20... a6 21. a4 $14) 21. Rxf8+ Kxf8 22. Qh6+ Kg8 (
22... Ke8 23. Rf1 $18) 23. g4 $1 {Each white pieces is already in the
attacking position, so it is important to break the house with pawn march.
Jede weisse Figur steht schon bereit für den Angriff, also ist es wichtig das
Haus mit Bauern zu zerschmettern.} b5 (23... Bxg4 $2 24. Rxb7 Bd7 25. Rxd7 Qxd7
26. d6+ $18) (23... hxg4 24. h5 b5 25. hxg6 Qd7 26. Bxb5 $18) 24. g5 $5 Bh3 (
24... bxc4 25. Rf1 Bf5 $5 (25... Rb8 26. Rf6 Rb1+ 27. Kh2 $18) 26. exf5 e4 27.
Qxg6+ (27. Kh1 Qg3 (27... e3 28. fxg6 Qd7 29. Kh2 $16) 28. Qxg6+ Kh8 29. Qf6+
Kg8 30. Qe6+ Kf8 31. Qxe4 $18) 27... Qxg6 28. fxg6 Rd8 29. Rf5 $16) 25. Rxb5
Rd8 26. Rb7 Bd7 (26... Rd7 27. Rb8+ $1 Qxb8 28. d6+ Rf7 29. Bxf7+ Kxf7 30. Qh7+
Kf8 31. Qh8+ $18) 27. Bb5 c4 28. Rxd7 $4 {Annoying slip in a completely
winning position. Ein Ärgerlicher Fehler in einer klar gewonnenen Stellung.} (
28. Kg2 $1 a6 29. Bxd7 Rxd7 30. Rxd7 Qxd7 31. Qxg6+ $18) 28... Qb6+ 29. Kg2
Rxd7 30. Bxd7 Qb2+ 31. Kf1 (31. Kf3 Qxc3+ 32. Ke2 Qc2+ $11) 31... Qc1+ 1/2-1/2